000 00886nam a2200253Ia 4500
003 OSt
005 20220923220335.0
006 a|||||r|||| 00| 0
007 ta
008 220922b |||||||| |||| 00| 0 hin d
024 _a186,048
037 _cTextual
040 _aARTS
_cARTS
_bhin
041 _2hin
_ahin
082 _aY592.2'N, 152M9
100 _aसिंह, दीपक कुमार
245 0 _aभारतीय समाज में जातीय पूर्वधारणा
246 _aBhāratīya samāj mean jātīya pūrvadhāraṇā
260 _aवाराणसी
_b विजय प्रकाशन
_c1989
300 _a120 पृ.
_ccm.
650 _aभारतीय-लोक साहित्य
942 _hY592.2'N, 152M9
_cTEXL
_2CC
999 _c339293
_d339293